<?xml version="1.0" encoding="UTF-8"?>
<record
    xmlns:xsi="http://www.w3.org/2001/XMLSchema-instance"
    xsi:schemaLocation="http://www.loc.gov/MARC21/slim http://www.loc.gov/standards/marcxml/schema/MARC21slim.xsd"
    xmlns="http://www.loc.gov/MARC21/slim">

  <leader>00704nam a22002417a 4500</leader>
  <controlfield tag="005">20201120104214.0</controlfield>
  <controlfield tag="008">201120b           ||||| |||| 00| 0 eng d</controlfield>
  <datafield tag="020" ind1=" " ind2=" ">
    <subfield code="a">9788194692416</subfield>
  </datafield>
  <datafield tag="040" ind1=" " ind2=" ">
    <subfield code="a">IN-DiNC</subfield>
    <subfield code="c">IN-DiNC</subfield>
  </datafield>
  <datafield tag="041" ind1=" " ind2=" ">
    <subfield code="d">asm</subfield>
  </datafield>
  <datafield tag="082" ind1=" " ind2=" ">
    <subfield code="a">327</subfield>
    <subfield code="b">GOH</subfield>
  </datafield>
  <datafield tag="100" ind1=" " ind2=" ">
    <subfield code="a">Gohain, Nabin</subfield>
    <subfield code="e">author</subfield>
  </datafield>
  <datafield tag="245" ind1=" " ind2=" ">
    <subfield code="a">Antarashtriya samparka aru bishwa itihasar prekshapatsamuh/</subfield>
    <subfield code="c">by Nabin Gohain, Pankaj Bora and Pranjit Saikia</subfield>
  </datafield>
  <datafield tag="250" ind1=" " ind2=" ">
    <subfield code="a">1st ed.</subfield>
  </datafield>
  <datafield tag="260" ind1=" " ind2=" ">
    <subfield code="a">Jorhat:</subfield>
    <subfield code="b">Bidya bhawan,</subfield>
    <subfield code="c">2020</subfield>
  </datafield>
  <datafield tag="300" ind1=" " ind2=" ">
    <subfield code="a">374p.</subfield>
  </datafield>
  <datafield tag="650" ind1=" " ind2=" ">
    <subfield code="a">Political science</subfield>
  </datafield>
  <datafield tag="650" ind1=" " ind2=" ">
    <subfield code="a">International relations</subfield>
  </datafield>
  <datafield tag="650" ind1=" " ind2=" ">
    <subfield code="a">World history</subfield>
  </datafield>
  <datafield tag="700" ind1=" " ind2=" ">
    <subfield code="a">Bora, Pankaj</subfield>
    <subfield code="e">author</subfield>
  </datafield>
  <datafield tag="700" ind1=" " ind2=" ">
    <subfield code="a">Saikia, Pranjit</subfield>
    <subfield code="e">author</subfield>
  </datafield>
  <datafield tag="942" ind1=" " ind2=" ">
    <subfield code="2">ddc</subfield>
    <subfield code="c">BK</subfield>
  </datafield>
  <datafield tag="999" ind1=" " ind2=" ">
    <subfield code="c">11076</subfield>
    <subfield code="d">11076</subfield>
  </datafield>
  <datafield tag="952" ind1=" " ind2=" ">
    <subfield code="0">0</subfield>
    <subfield code="1">0</subfield>
    <subfield code="2">ddc</subfield>
    <subfield code="4">0</subfield>
    <subfield code="7">0</subfield>
    <subfield code="8">POL</subfield>
    <subfield code="a">MAIN</subfield>
    <subfield code="b">MAIN</subfield>
    <subfield code="c">GEN</subfield>
    <subfield code="d">2020-11-20</subfield>
    <subfield code="g">250.00</subfield>
    <subfield code="l">41</subfield>
    <subfield code="o">327 GOH</subfield>
    <subfield code="p">28460</subfield>
    <subfield code="r">2025-12-04 06:56:56</subfield>
    <subfield code="s">2025-10-29</subfield>
    <subfield code="t">1</subfield>
    <subfield code="w">2020-11-20</subfield>
    <subfield code="y">BK</subfield>
  </datafield>
  <datafield tag="952" ind1=" " ind2=" ">
    <subfield code="0">0</subfield>
    <subfield code="1">0</subfield>
    <subfield code="2">ddc</subfield>
    <subfield code="4">0</subfield>
    <subfield code="7">0</subfield>
    <subfield code="8">POL</subfield>
    <subfield code="a">MAIN</subfield>
    <subfield code="b">MAIN</subfield>
    <subfield code="c">GEN</subfield>
    <subfield code="d">2020-11-20</subfield>
    <subfield code="g">250.00</subfield>
    <subfield code="l">37</subfield>
    <subfield code="o">327 GOH</subfield>
    <subfield code="p">28461</subfield>
    <subfield code="r">2025-12-09 07:03:45</subfield>
    <subfield code="s">2025-10-27</subfield>
    <subfield code="t">2</subfield>
    <subfield code="w">2020-11-20</subfield>
    <subfield code="y">BK</subfield>
  </datafield>
  <datafield tag="952" ind1=" " ind2=" ">
    <subfield code="0">0</subfield>
    <subfield code="1">0</subfield>
    <subfield code="2">ddc</subfield>
    <subfield code="4">0</subfield>
    <subfield code="7">0</subfield>
    <subfield code="8">POL</subfield>
    <subfield code="a">MAIN</subfield>
    <subfield code="b">MAIN</subfield>
    <subfield code="c">GEN</subfield>
    <subfield code="d">2020-11-20</subfield>
    <subfield code="g">250.00</subfield>
    <subfield code="l">42</subfield>
    <subfield code="o">327 GOH</subfield>
    <subfield code="p">28462</subfield>
    <subfield code="r">2025-11-29 06:36:24</subfield>
    <subfield code="s">2025-09-27</subfield>
    <subfield code="t">3</subfield>
    <subfield code="w">2020-11-20</subfield>
    <subfield code="y">BK</subfield>
  </datafield>
  <datafield tag="952" ind1=" " ind2=" ">
    <subfield code="0">0</subfield>
    <subfield code="1">0</subfield>
    <subfield code="2">ddc</subfield>
    <subfield code="4">0</subfield>
    <subfield code="7">0</subfield>
    <subfield code="8">POL</subfield>
    <subfield code="a">MAIN</subfield>
    <subfield code="b">MAIN</subfield>
    <subfield code="c">GEN</subfield>
    <subfield code="d">2020-11-20</subfield>
    <subfield code="g">250.00</subfield>
    <subfield code="l">35</subfield>
    <subfield code="o">327 GOH</subfield>
    <subfield code="p">28463</subfield>
    <subfield code="r">2025-11-29 06:45:01</subfield>
    <subfield code="s">2025-11-14</subfield>
    <subfield code="t">4</subfield>
    <subfield code="w">2020-11-20</subfield>
    <subfield code="y">BK</subfield>
  </datafield>
  <datafield tag="952" ind1=" " ind2=" ">
    <subfield code="0">0</subfield>
    <subfield code="1">0</subfield>
    <subfield code="2">ddc</subfield>
    <subfield code="4">0</subfield>
    <subfield code="7">0</subfield>
    <subfield code="8">POL</subfield>
    <subfield code="a">MAIN</subfield>
    <subfield code="b">MAIN</subfield>
    <subfield code="c">GEN</subfield>
    <subfield code="d">2020-11-20</subfield>
    <subfield code="g">250.00</subfield>
    <subfield code="l">39</subfield>
    <subfield code="o">327 GOH</subfield>
    <subfield code="p">28464</subfield>
    <subfield code="r">2025-09-16 07:23:07</subfield>
    <subfield code="s">2025-08-18</subfield>
    <subfield code="t">5</subfield>
    <subfield code="w">2020-11-20</subfield>
    <subfield code="y">BK</subfield>
  </datafield>
</record>
